Imagining marketing (Record no. 781193)

MARC details
000 -LEADER
fixed length control field 00708nam a2200241Ia 4500
003 - CONTROL NUMBER IDENTIFIER
control field OSt
005 - DATE AND TIME OF LATEST TRANSACTION
control field 20220928125144.0
008 - FIXED-LENGTH DATA ELEMENTS--GENERAL INFORMATION
fixed length control field 220927b |||||||| |||| 00| 0 eng d
037 ## - SOURCE OF ACQUISITION
Terms of availability Textual
040 ## - CATALOGING SOURCE
Original cataloging agency SDCL
Transcribing agency SDCL
Language of cataloging eng
041 ## - LANGUAGE CODE
Source of code eng
Language code of text/sound track or separate title eng
100 ## - MAIN ENTRY--PERSONAL NAME
Personal name Brown Stephen Ed.
9 (RLIN) 468355
245 #0 - TITLE STATEMENT
Title Imagining marketing
Remainder of title Art, aesthetice and the avant garde
260 ## - PUBLICATION, DISTRIBUTION, ETC.
Place of publication, distribution, etc. London
Name of publisher, distributor, etc. Routledge
Date of publication, distribution, etc. 2000
300 ## - PHYSICAL DESCRIPTION
Extent xvii,302p
Dimensions cm.
700 ## - ADDED ENTRY--PERSONAL NAME
Personal name Patterson Anthony Ed.
942 ## - ADDED ENTRY ELEMENTS (KOHA)
Classification part X9(N):51.1'P, P0
Koha item type Textual
Source of classification or shelving scheme Colon Classification (CC)
Holdings
Withdrawn status Lost status Damaged status Not for loan Home library Current library Date acquired Total Checkouts Full call number Barcode Date last seen Price effective from Koha item type
        South Campus Library South Campus Library 2022-09-28   X9(N):51.1'P P0 SC1242470 2022-09-28 2022-09-28 Textual
Copyright @ Delhi University Library System